Gaming Quiz

Random Gaming or Board Games Quiz
Score 0/20 Timer 05:00
9 Plays Today
Board Game % Correct
Monopoly
98.5%
Twister
93.2%
Scrabble
91.7%
Connect Four
91.6%
Operation
91%
The Game of Life
89.7%
Battleship
86.5%
Risk
86.5%
Candyland
85.2%
Mouse Trap
84.9%
Board Game % Correct
Hungry Hungry Hippos
83.1%
Clue/Cluedo
81.9%
Yahtzee
80.6%
Sorry!
78.2%
Chutes & Ladders
57.9%
Othello
55.9%
Stratego
45.5%
Mancala
45.3%
The Settlers of Catan
34.8%
Diplomacy
9.2%
Remove Ads.
Support Sporcle.
Get the best of Sporcle when you Go Orange. This ad-free experience offers more features, more stats, and more fun while also helping to support Sporcle. Thank you for becoming a member.

You're not logged in!

Compare scores with friends on all Sporcle quizzes.
OR
Log In

Show Comments

Extras

Top Quizzes Today


Score Distribution

Your Account Isn't Verified!

In order to create a playlist on Sporcle, you need to verify the email address you used during registration. Go to your Sporcle Settings to finish the process.

Report this User

Report this user for behavior that violates our Community Guidelines.

Details: